Olive, again (Record no. 590554)

000 -LEADER
fixed length control field 02490cam a2200337 i 4500
001 - CONTROL NUMBER
control field 20844251
003 - CONTROL NUMBER IDENTIFIER
control field NUST
005 - DATE AND TIME OF LATEST TRANSACTION
control field 20220828182619.0
008 - FIXED-LENGTH DATA ELEMENTS--GENERAL INFORMATION
fixed length control field 190207s2019 nyu 000 1 eng
010 ## - LIBRARY OF CONGRESS CONTROL NUMBER
LC control number 2019004792
020 ## - INTERNATIONAL STANDARD BOOK NUMBER
International Standard Book Number 9780812996548
Qualifying information (hardcover : acid-free paper)
020 ## - INTERNATIONAL STANDARD BOOK NUMBER
International Standard Book Number 9780812986471
Qualifying information (paperback : acid-free paper)
020 ## - INTERNATIONAL STANDARD BOOK NUMBER
Canceled/invalid ISBN 9780812996555
Qualifying information (ebook)
038 ## - RECORD CONTENT LICENSOR
Staff Name Azhar
040 ## - CATALOGING SOURCE
Original cataloging agency DLC
Language of cataloging eng
Description conventions rda
Transcribing agency DLC
Modifying agency DLC
042 ## - AUTHENTICATION CODE
Authentication code pcc
050 00 - LIBRARY OF CONGRESS CALL NUMBER
Classification number PS3569.T736
Item number O45 2019
082 00 - DEWEY DECIMAL CLASSIFICATION NUMBER
Classification number 813.54
Edition number 23
Author Mark STR
100 1# - MAIN ENTRY--PERSONAL NAME
Personal name Strout, Elizabeth,
Relator term author.
9 (RLIN) 94772
245 10 - TITLE STATEMENT
Title Olive, again
Statement of responsibility, etc. Elizabeth Strout.
260 ## - PUBLICATION, DISTRIBUTION, ETC.
Place of publication, distribution, etc. New York :
Name of publisher, distributor, etc. Random House,
Date of publication, distribution, etc. 2019
300 ## - PHYSICAL DESCRIPTION
Extent 289 p
Dimensions 25 cm
336 ## - CONTENT TYPE
Content type term text
Content type code txt
Source rdacontent
337 ## - MEDIA TYPE
Media type term unmediated
Media type code n
Source rdamedia
338 ## - CARRIER TYPE
Carrier type term volume
Carrier type code nc
Source rdacarrier
520 ## - SUMMARY, ETC.
Summary, etc. "Funny, wicked and remorseful, Mrs. Kitteridge is a compelling life force, a red blooded original. When she's not onstage, we look forward to her return..."* And now, indeed, Olive Kitteridge has returned, as indomitable as ever. "It turns out--I just wasn't done with Olive," said Strout. "It was like she kept poking me in the ribs, so I finally said 'Okay, okay...'" Now Olive returns, this time as a person getting older, navigating her next decade as she comes to terms with the changes--sometimes welcome, sometimes not--in her own life. Here is Olive, strangely content in her second marriage, still in an evolving relationship with her son and his family, encountering a cast of memorable characters in the seaside town of Crosby, Maine. Whether it's a young girl coming to terms with the loss of her father, a young woman about to give birth at a baby shower, or a nurse who confesses a secret high school crush, the irascible Olive improbably touches the lives of others. Elizabeth Strout has achieved greatness by brilliantly laying bare the inner lives of ordinary people, by focusing on the small moments of connection which can dislodge lifelong grief and longing, and unite her characters through moments of transcendent grace. Olive, Again is another lasting work of fiction by this remarkable writer, and a cause for celebration among readers everywhere.
563 ## - BINDING INFORMATION
Binding note HB
906 ## - LOCAL DATA ELEMENT F, LDF (RLIN)
a 7
b cbc
c orignew
d 1
e ecip
f 20
g y-gencatlg
942 ## - ADDED ENTRY ELEMENTS (KOHA)
Source of classification or shelving scheme
Koha item type Lincoln Corner
Holdings
Withdrawn status Lost status Source of classification or shelving scheme Damaged status Not for loan Permanent Location Current Location Shelving location Date acquired Full call number Barcode Date last seen Price effective from Koha item type
          Central Library (CL) Central Library (CL) Lincoln Corner 07/24/2022 813.54 STR LC-72 07/24/2022 07/24/2022 Reference
© 2023 Central Library, National University of Sciences and Technology. All Rights Reserved.